[Event "Bethune op-B 23th"]
[Site "Bethune"]
[Date "2002.12.29"]
[Round "5"]
[White "Brunel, Michel"]
[Black "Monnet, Jean Paul"]
[Result "0-1"]
[WhiteElo "1410"]
[BlackElo "1590"]
[PlyCount "102"]
[EventDate "2002.12.26"]
[EventType "swiss"]
[EventRounds "7"]
[EventCountry "FRA"]
[SourceTitle "CBM 091 Extra"]
[Source "ChessBase"]
[SourceDate "2003.01.09"]
[SourceVersion "1"]
[SourceVersionDate "2003.01.09"]
[SourceQuality "1"]

1. d4 f5 2. e3 e6 3. Nf3 Nf6 4. a3 Be7 5. c4 d6 6. Nc3 0-0 7. b4 Bd7 8. Be2 Be8 9. 0-0 Nbd7 10. Bb2 c6 11. Qc2 h6 12. h3 Nh7 13. Bc1 Bg6 14. Re1 Qe8 15. Bd3 Ng5 16. Nxg5 Bxg5 17. f4 Bh4 18. Rf1 Nf6 19. Be2 Bh5 20. Bf3 Bg3 21. Ne2 Qg6 22. Nxg3 Qxg3 23. Qf2 Qxf2+ 24. Rxf2 Bxf3 25. Rxf3 Ne4 26. Bb2 d5 27. c5 a5 28. h4 axb4 29. axb4 Rxa1+ 30. Bxa1 Ra8 31. Rf1 Ra3 32. Re1 Rb3 33. Kh2 Rxb4 34. Re2 Rb3 35. Kh3 Rb1 36. g4 Rxa1 37. g5 Rh1+ 38. Rh2 Re1 39. g6 Rxe3+ 40. Kg2 Re2+ 41. Kg1 Rxh2 42. Kxh2 Nd2 43. Kg2 Nb3 44. Kf3 Nxd4+ 45. Ke3 Nb3 46. Kd3 Nxc5+ 47. Kd4 Nd7 48. Kc3 Kf8 49. Kd4 Ke7 50. h5 b6 51. Kc3 c5 0-1